00642cam a2200229 i 4500001001000000003001000010005001700020007000300037008004100040040001400081041000800095082002100103100004700124245005900171264005200230264001100282300001200293336002700305337003300332338002800365653001900393768714001CO-MdFUSB20240604104732.0ta240601t1958 -us||||| |||| 00| 0 eng d cCO-MdFUSB0 aeng04224a234b W1772g1 aWalker, James B. (Barr) (1805-1887)eautor10aGod's wisdom in the plan of salvation c/ James Walker 1bHigley Press, aButler, Indiana, USA : c[1958] 4c©1958 a205 Pag atextobtxt2rdacontent 2rdamediaasin mediaciónbn 2rdacarrieravolumenbnc aSoteriología